|
|
|
|
| LEADER |
00000nab a2200000 a 4500 |
| 001 |
vtls000542352 |
| 003 |
SK-MaSNL |
| 005 |
20260304210652.0 |
| 008 |
250425c1994 xo 0 slo |
| 015 |
|
|
|a SNBRB19rr/mm-uuuuu
|
| 035 |
|
|
|a CL0542490
|
| 035 |
|
|
|a urn:nbn:sk:snk-ab1qjf
|
| 035 |
|
|
|a (urnnbn)urn:nbn:sk:snk:ar-004zvu
|
| 035 |
|
|
|a (uuid)f8e590f0-ea83-4f97-8782-fd5110bf16f6
|
| 040 |
|
|
|a SNKBUCL
|b slo
|c SNKBUCL
|e AACR2
|
| 041 |
0 |
|
|a eng
|
| 044 |
|
|
|a xo
|c SK
|
| 080 |
|
|
|a 519.682:681.326.3
|2 1981
|
| 080 |
|
|
|a 681.326.3
|2 1981
|
| 100 |
1 |
|
|a Kuchen, Herbert
|4 aut
|9 1542060
|
| 245 |
1 |
0 |
|a Candela - A Topology Description Language
|c Herbert Kuchen, Holger Stoltze
|
| 300 |
|
|
|b Sch. 9, lit. 11 zázn. v angl., nem.
|
| 650 |
0 |
7 |
|a multiprocesorové systémy
|2 snkbucl
|9 1864
|
| 650 |
0 |
7 |
|a programovacie jazyky
|2 snkbucl
|9 1838
|
| 650 |
0 |
7 |
|a Candela (jazyk programovací)
|2 snkbucl
|9 1542061
|
| 655 |
|
7 |
|a články z novín a časopisov
|2 snkbucl
|9 267496
|
| 700 |
1 |
|
|a Stoltze, Holger
|4 aut
|9 1542062
|
| 773 |
0 |
|
|t Computers and artificial intelligence
|g Roč. 13, č. 6 (1994), s. 557-576
|x 0232-0274
|
| 850 |
|
|
|a Slovenská národná knižnica
|
| 852 |
|
|
|a Slovenská národná knižnica
|
| 958 |
|
|
|a article27
|
| 958 |
|
|
|a NB
|
| 958 |
|
|
|a RK
|
| 958 |
|
|
|a DE
|
| 958 |
|
|
|a OND
|
| 958 |
|
|
|a EUIPO
|
| 992 |
|
|
|a RBX
|
| 999 |
|
|
|c 3127088
|d 3129018
|